000 00813nam a22002297a 4500
003 0
005 20250917115433.0
008 250917b xxu||||| |||| 00| 0 eng d
020 _a978-1-032-52826-7
050 _aHC 79.E3
_b.T43 2025
100 _aThampapillai, Dodo J.,
_eauthor.
245 _aEnvironmental economics :
_bconcepts, methods and policies /
_cDodo J. Thampapillai and Matthias Ruth.
250 _aSecond edition.
260 _aNew York, NY :
_bRoutledge,
_c2025.
300 _axxiv, 358 pages :
_billustrations ;
_c24 cm.
504 _aIncludes bibliographical references and index.
650 _aEnvironmental economics.
650 _aSustainable development
_xEconomic aspects.
650 _aEnvironmental policy
_xEconomic aspects.
700 _aRuth, Matthias,
_eauthor.
942 _2lcc
_cBK
999 _c368008
_d368008